Interactions with children with autism spectrum disorders in a speech therapy setting /
Saved in:
| 主要作者: | |
|---|---|
| 格式: | Thesis 圖書 |
| 語言: | English |
| 出版: |
2016.
|
| 主題: | |
| 在線閱讀: | http://studentsrepo.um.edu.my/id/eprint/9316 |
| 標簽: |
添加標簽
沒有標簽, 成為第一個標記此記錄!
|
| LEADER | 01290cam a2200313 i 4500 | ||
|---|---|---|---|
| 001 | u772103 | ||
| 003 | SIRSI | ||
| 005 | 200906011210 | ||
| 008 | 090601s2016 my a m 000 0 eng | ||
| 040 | |a UMM |d UMB |e rda | ||
| 090 | |a PE1128 |b UM 2016 Ame | ||
| 100 | 1 | |a Ameen, Zeena Mahmood, |e author. | |
| 245 | 1 | 0 | |a Interactions with children with autism spectrum disorders in a speech therapy setting / |c Zeena Mahmood Ameen. |
| 264 | 1 | |c 2016. | |
| 264 | 4 | |c 2016. | |
| 300 | |a xi, 138 leaves : |b illustrations ; |c 30 cm. | ||
| 336 | |a text |2 rdacontent | ||
| 337 | |a unmediated |2 rdamedia | ||
| 338 | |a volume |2 rdacarrier | ||
| 502 | |b M.E.S.L. |c Jabatan Bahasa Inggeris, Fakulti Bahasa dan Linguistik, Universiti Malaya |d 2016. | ||
| 504 | |a Bibliography: leaves 115-122. | ||
| 650 | 0 | |a Autism in children. | |
| 650 | 0 | |a Speech therapy for children. | |
| 710 | 2 | |a Universiti Malaya. |b Jabatan Bahasa Inggeris, |e degree granting institution. | |
| 856 | 4 | 1 | |u http://studentsrepo.um.edu.my/id/eprint/9316 |
| 596 | |a 1 25 | ||
| 900 | |a NSM | ||
| 999 | |a PE1128 UM 2016 AME |w LC |c 1 |i A516502012 |d 11/12/2019 |e 11/12/2019 |f 17/4/2018 |g 2 |l STACKS |m P01UTAMA |n 1 |r Y |s N |t TESIS |u 21/7/2016 |1 AHSS |o .STAFF. | ||
| 999 | |a PE1128 UM 2016 AME |w LC |c 1 |i A516501431 |f 27/12/2018 |g 1 |l STACKS |m P25UMARCHI |r Y |s Y |t CD |u 27/12/2018 |1 AHSS | ||
